Statistics for Flying Between Capitals of Neighbouring Countries and Crosses More Than One Other Countries

Click here to take the quiz!

General Stats

  • This quiz has been taken 74 times
  • The average score is 38 of 60

Answer Stats

Capital/Country% Correct
Moscow, Russia
93%
Beijing, China
90%
Paris, France
85%
Mongolia
80%
China
76%
New Delhi, India
76%
Astana, Kazakhstan
75%
Brasilia, Brazil
75%
Rome, Italy
75%
Vienna, Austria
75%
Pyongyang, North Korea
73%
Spain
73%
Nepal
71%
Estonia
69%
Islamabad, Pakistan
69%
Oslo, Norway
68%
Portugal
68%
Afghanistan
66%
Cape Town, South Africa
66%
Croatia
66%
Khartoum, Sudan
66%
Laos
66%
Sweden
66%
Tehran, Iran
66%
Hanoi, Vietnam
64%
Maputo, Mozambique
64%
N'Djamena, Chad
64%
Niamey, Niger
64%
Russia
64%
South Africa
64%
Kazakhstan
63%
Lesotho
63%
Nigeria
63%
South Sudan
63%
Tripoli, Libya
63%
DR Congo
61%
Mali
61%
Phnom Penh, Cambodia
61%
Slovenia
61%
Turkmenistan
61%
Algeria
59%
Lusaka, Zambia
59%
Swaziland
58%
Thailand
58%
Thimphu, Bhutan
58%
Porto Novo, Benin
56%
Zimbabwe
56%
Bishkek, Kyrgyzstan
54%
Ghana
54%
Bangui, Central African Republic
53%
Conakry, Guinea
53%
Dakar, Senegal
53%
Gambia
53%
Liberia
53%
Ouagadougou, Burkina Faso
53%
Togo
53%
Cameroon
51%
Guinea Bissau
49%
Sierra Leone
49%
Yamoussoukro, Cote d'Ivoire
47%

Score Distribution

Percentile by Number Answered

Percent of People with Each Score

Your Score History

You have not taken this quiz